Teoría del deporte, fundamentos básicos
Guardat en:
| Autor principal: | |
|---|---|
| Format: | Llibre |
| Idioma: | espanyol |
| Publicat: |
Santiago
DIGEDER
2000
|
| Matèries: | |
| Etiquetes: |
Afegir etiqueta
Sense etiquetes, Sigues el primer a etiquetar aquest registre!
|
MARC
| LEADER | 00000nam a2200000 a 4500 | ||
|---|---|---|---|
| 001 | UCO4342 | ||
| 003 | CL-VaPUC | ||
| 008 | 000804e20000000CL |||||||||||||||||spa|d | ||
| 082 | 0 | 4 | |a 796.01 |b MAT |2 21 |
| 100 | |a Matveev, Lev Pavlovich |e autor |9 462464 | ||
| 245 | 1 | 0 | |a Teoría del deporte, fundamentos básicos |
| 300 | |a 253 p | ||
| 942 | |c BK | ||
| 945 | |d 20000804 00:00:00 |a rbrito | ||
| 260 | |a Santiago |b DIGEDER |c 2000 | ||
| 650 | 0 | |a Deportes |9 224367 | |
| 650 | 7 | |a ENTRENAMIENTO ATLETICO |2 CL-VaPUC |9 448807 | |
| 650 | 0 | |a Ejercicios físicos |9 307296 | |
| 650 | 0 | |a Educación física |9 240893 | |
| 650 | 7 | |a ENSEÑANZA DE LA EDUCACION FISICA |2 CL-VaPUC |9 394746 | |
| 583 | |a last modification |c 20000804 00:00:00 |k Rodrigo Vera | ||
| 999 | |c 290401 |d 290399 | ||
| 952 | |0 0 |1 0 |4 0 |6 796_010000000000000_MAT_2000 |7 0 |8 A |9 339780 |a BIBEDU |b BIBEDU |d 2019-11-20 |i 3635538 |o 796.01 MAT 2000 |p 3635538 |r 2019-11-20 |w 2019-11-20 |y BK |k EFI | ||
| 952 | |0 0 |1 0 |4 0 |6 796_010000000000000_MAT_2000 |7 0 |8 A |9 339781 |a BIBEDU |b BIBEDU |d 2019-11-20 |i 3635546 |o 796.01 MAT 2000 |p 3635546 |r 2019-11-20 |w 2019-11-20 |y BK |k EFI | ||
| 952 | |0 0 |1 0 |4 0 |6 796_010000000000000_MAT_2000 |7 0 |8 A |9 339782 |a BIBEDU |b BIBEDU |d 2019-11-20 |i 3635554 |o 796.01 MAT 2000 |p 3635554 |r 2019-11-20 |w 2019-11-20 |y BK |k EFI | ||